| 000 | 00777nam a2200205Ia 4500 | ||
|---|---|---|---|
| 005 | 20260121110144.0 | ||
| 008 | 008 260114s9999 xx 000 0 hin d | ||
| 020 | _a9788132361145 | ||
| 037 | _aEBOOK | ||
| 040 |
_aCRL _bhin _cCRL |
||
| 041 |
_ahin _2hin |
||
| 084 | _qCRL | ||
| 100 |
_aसाहिल सक्सेना / Sahil Saxena _9942731 |
||
| 245 | 0 | _aरचना संसार: मध्यकालीन कवि एवं उनकी प्रमुख पुस्तकें / Rachna Sansar: Madhyakalin Kavi aur Unki Pramukh Pustakein | |
| 260 |
_bभाषा प्रकाशन / Bhasha Prakashan _c2021 |
||
| 856 | _uhttps://bhashaprakashan.com/product-details/379065 | ||
| 942 | _cEBOOK | ||
| 999 |
_c1534396 _d1534396 |
||